| 000 | 00845nas a2200277 4500 | ||
|---|---|---|---|
| 001 | BR2012005648 | ||
| 003 | BR-BrBNA | ||
| 005 | 20231205120917.0 | ||
| 007 | ta | ||
| 008 | 230509b bl.|||p| |||| 00| 00por d | ||
| 040 |
_aBR-BrBNA _bpor _cBiblioteca Nacional de Agricultura |
||
| 041 | _a(Pt) | ||
| 072 | _ak10 | ||
| 100 | 1 | _aBobrowski, R. | |
| 100 | 1 | _aBiondi, D. | |
| 100 | 1 | _aFigueiredo Filho, A. | |
| 245 | 1 | _aDinâmica da distribuição diamétrica na arborização de ruas da cidade de Curitiba, Parana, Brasil | |
| 650 | _aARBORIZAÇÃO | ||
| 650 | _aSUSTENTABILIDADE | ||
| 650 | _aCRESCIMENTO | ||
| 650 | _aMATURAÇÃO | ||
| 650 | _aPARANÁ | ||
| 773 | 0 |
_tScientia Forestalis (Brazil) _xISSN 1413-9324 _g(Jun 2012), v. 40(94) p. 167-178 _wBR2012005648 |
|
| 909 |
_a202311 _bLúcia _c55 _dLúcia Elande |
||
| 942 |
_2AGRIS _n0 _cANA |
||
| 999 |
_c220931 _d220931 |
||